000 00636nam a2200193 i 4500
001 133543
003 ES-MaACL
005 20250812045607.0
007 t|
008 070820s1911 fr ||||1| fre d
100 1 _aWölfflin, Heinrich.
_9117269
245 1 1 _aL'art classique
_b: initiation au genie de la Renaissance italienne /
_cH. Wölfflin ; traduit par Conrad de Mandach.
260 _aParis :
_bRenouhard H. Laurens,
_c1911.
300 _aVIII, 343 p. ;
_c25 cm.
650 1 4 _aArte renacentista-
_zItalia
_910293
700 1 _aMandach, Conrad de.
_975938
852 _aES-MaACL
_jF-1463
999 _c133543
_d133543